000 00834cam a22002535a 4500
001 18606055
003 OSt
005 20240530110620.0
008 150506s2014 ua 000 0 eng
020 _a9789774166686 (hbk.)
020 _a977416668X (hbk.)
040 _aDLC
_cDLC
082 0 4 _221
_a333.715
_bCC/S E
100 1 _aSims, David E.,
_d1946-
_eauthor.
245 1 0 _aEgypt's desert dreams :
_bdevelopment or disaster? /
_cDavid Sims ; foreword by Timothy Mitchell.
264 1 _aCairo :
_bThe American University in Cairo Press,
_c2014.
300 _axxii, 401pages ;
_c24 cm.
336 _atext
_2rdacontent
337 _aunmediated
_2rdamedia
338 _avolume
_2rdacarrier
650 0 _aCity planning
_zEgypt
_xHistory
_y20th century.
650 0 _aRegional planning
_zEgypt
_xHistory
_y20th century.
942 _2ddc
_cBK
999 _c63031
_d63031